000 00732nam a2200217 a 4500
001 000024559
005 20200930023234.0
008 110131s1995 ck r 000 p spa d
020 _a9589562779
040 _aDO-SdBNP
_bspa
_cBNPHU
082 _aCo861.44
_bP438d
100 1 _aPérez López, Rafael
_950348
245 1 0 _aDécimas :
_bla chamaría, ave canora, trinar del amanecer /
_cRafael Pérez López.
260 _aMontería, (Colombia) :
_bDomus Libri,
_c1995.
300 _a95 p. ;
_c21 cm.
504 _aIncluye referencias bibliográficas (p. 12)
500 _aIncluye datos del autor en la solapa de la contracubierta
650 4 _aPoesía colombiana
_93742
650 4 _aLiteratura colombiana
_91244
049 _aBNGR
999 _c24052
_d24052